| 000 | 01076nam a22002535a 4500 | ||
|---|---|---|---|
| 003 | OSt | ||
| 005 | 20170515115606.0 | ||
| 008 | 170515s200? ua frb 000 0 ara d | ||
| 040 |
_aEG-ScBUE _bara _cEG-ScBUE |
||
| 043 | _af-ua--- | ||
| 082 | 0 | 4 |
_a346.62 _bأ ب و _222 |
| 100 | 1 | _aأبو زيد، محمد محمد. | |
| 245 | 1 | 0 |
_aنظرية الحق : _bمقدمة القانون المدني / _cمحمد محمد أبو زيد. |
| 246 | 3 | 0 | _aالقانون المدني |
| 260 |
_a[د. م. : _bد. ن.، _c?200] _e(قلوبية، مصر : _fدار المحمدية للطباعة) |
||
| 300 |
_a335 ص. ؛ _c24 سم. |
||
| 500 | _aحائز على جائزة جامعة عين شمس للبحوث الممتازة (1997)، وجائزة الدولة التشجيعية في القانون المدني والقانون الزراعي (2005) | ||
| 504 | _aيشتمل على إرجاعات ببليوجرافية. | ||
| 650 | 7 |
_aالقانون المدني _zمصر. _2BUEsh |
|
| 651 | _2BUEsh | ||
| 653 |
_bLLAAWW _cMay2017 |
||
| 655 |
_vText book _933728 |
||
| 942 | _2ddc | ||
| 999 |
_c24831 _d24803 |
||